1593 1924 1057 1844 1812 1805 1917 1152 1368 1300 1954 1773 1098 1113 1339 1244 1736 1852 1938 1041 1333 1755 1415 1869 1865 1074 1011 1589 1128 1277 1670 1399 1690 1199 1947 1376 1086 1528 1037 1284 1565 1721 1205 1688 1011 1801 1486 1086 1450 1802 1526 1676 1308 1114 1600 1247 1758 1742 1278 1297 1393 1972 1297 1054 1344 1144 1034 1483 1023 1688 1997 1788 1905 1717 1959 1472 1111 1231 1502 1156 1141 1716 1120 1519 1796 1767 1142 1546 1083 1229 1277 1394 1145 1798 1911 1494 1254 1228 1408 BCNSPRNW ULIB Ver.6.0+V

เปลี่ยนเป็นภาษาไทย

Change to English
 แสดงรายละเอียดบรรณานุกรม
  กลับหน้าหลัก

Brief Record : Get Marc (ISO 2709) : E-mail record : QR code < ปิดหน้าต่าง
LEADER : 00000nam 2200000 i 4500
001    13399126661
003     ULIB
008    180305s2017 th a b 001 0 tha d
020    ^a9786164457218
040    ^a^erda
060  4 ^aWY100^bก492^d2560
245 00 ^aการพยาบาลพื้นฐาน /^cบรรณาธิการ, สุปาณี เสนาดิสัย, วรรณภาประไพพานิช
250    ^aพิมพ์ครั้งที่ 1 (ฉบับปรับปรุง)
300    ^a861 หน้า :^bภาพประกอบ ;^c26 ซม
504    ^aบรรณานุกรมท้ายบท
505 0  ^aการพยาบาล พยาบาลและทีมสุขภาพ -- วิวัฒนาการของวิชาชีพการพยาบาล --สุขภาพและความเจ็บป่วย -- การประเมินภาวะสุขภาพ --บทบาทพยาบาลกับการสอนสุขศึกษา --การพยาบาลเพื่อป้องกันและควบคุมการติดเชื้อ --การพยาบาลเพื่อป้องกันอุบัติเหตุ -- การรับ การย้าย และการจำหน่ายผู้ป่วย -- การพยาบาลเพื่อสนองความต้องการด้านการปฏิบัติกิจวัตรประจำวัน --การพยาบาลเพื่อฟื้นฟูสมรรถภาพ --การพยาบาลเพื่อสนองความต้องการด้านการเคลื่อนไหว --การพยาบาลเพื่อสนองความต้องการด้านความสุขสบายและปลอดภัย --การพยาบาลผู้ป่วยที่มีอาการอักเสบ -- การพยาบาลผู้ป่วยผู้ป่วยที่มีแผล --การพยาบาลผู้ป่วยผู้ป่วยที่มีไข้ -- หลักการพยาบาลในการให้ยา สารน้ำและเลือด -- การพยาบาลผู้ป่วยที่มีความเปลี่ยนแปลงระดับความรู้สึกตัว --การพยาบาลผู้ป่วยที่มีอาการและอาการแสดงที่ผิดปกติของระบบทางเดินหายใจ -- การพยาบาลผู้ป่วยที่มีอาการและอาการแสดงที่ผิดปกติของระบบทางเดินอาหาร-- การพยาบาลผู้ป่วยที่มีภาวะไม่สมดลของสารน้ำและอิเล็กโทรลัยต์ --การพยาบาลผู้ป่วยที่มีอาการและอาการแสดงที่ผิดปกติของระบบทางเดินปัสสาวะ-- การพยาบาลผู้ป่วยที่มีอาการเจ็บปวด ปวดศีรษะ และเวียนศีรษะ --บทบาทของพยาบาลในการเตรียมผู้ป่วยเพื่อตรวจร่างกาย --การพยาบาลผู้ป่วยในระยะก่อนและหลังผ่าตัด -- การพยาบาลผู้ป่วยที่เจ็บหนักผู้ป่วยใกล้ถึงแก่กรรม และผู้ป่วยถึงแก่กรรม
650  7 ^aการพยาบาล
650  7 ^aผู้ป่วย^xการดูแล
700 0  ^aสุปาณี เสนาดิสัย,^eบรรณาธิการ
700 0  ^aวรรณภา ประไพพานิช,^eบรรณาธิการ
945    ^p580^l0^i26923
945    ^p580^l0^i26922
999    ^aกัณชพร
รายการนี้ยังไม่มีแท็ก
คุณยังไม่ได้ล็อกอิน คุณสามารถมีกิจกรรมร่วมกับเว็บไซต์ได้ แต่ต้องล็อกอินก่อน ::
  ล็อกอิน

รายการสื่อสารสนเทศ

ลำดับที่ ประเภท เลขเรียก/บาร์โค้ด สถานที่ สถานะ
1. หนังสือสำรอง
หนังสือสำรอง
WY100 ก492 2560 ฉ.1 
  Barcode: 26922
ห้องสมุดวิทยาเขตนครสวรรค์
►หนังสือทั่วไป:l:General Books
บนชั้น
2. วิทยาศาสตร์การแพทย์ และสุขภาพ
วิทยาศาสตร์การแพทย์ และสุขภาพ
WY100 ก492 2560 ฉ.2 
  Barcode: 26923
ห้องสมุดวิทยาเขตนครสวรรค์
►หนังสือทั่วไป:l:General Books
บนชั้น
Note:อยู่ฝั่งสปร.

รายการใกล้เคียง
    หัวเรื่อง [การพยาบาล]
    หัวเรื่อง [ผู้ป่วย การดูแล]

BibComment


ยังไม่เคยถูกคอมเมนท์

คอมเมนท์ทรัพยากรรายการนี้
  คอมเมนท์: การพยาบาลพื้นฐาน..


 Copyright 2026. Bcnsprnw @Library